A Texas Ranger /

Bibliographic Details
Main Author: Jennings, N. A. (Napoleon Augustus), 1856-1919
Format: Book
Language:English
Published: Austin : Steck Co., [1959]
Subjects:

MARC

Tag First Indicator Second Indicator Subfields
LEADER 00000cam a2200000 i 4500
001 in00000254621
005 20190207093843.0
008 770104r19591889txua 00010 eng d
035 |a (OCoLC)02660329 
035 |9 ABC4530AM 
040 |a EWF  |c EWF  |d TXA  |d UtOrBLW 
049 |a TXAM [Also in] [Sp Coll]  |c 1 [1093316]  |a TXAS  |c 2 [1092689] 
090 |a F391  |b .J541 1899a 
100 1 |a Jennings, N. A.  |q (Napoleon Augustus),  |d 1856-1919. 
245 1 2 |a A Texas Ranger /  |c by N. A. Jennings. New York, C. Scribner's Sons, 1899. 
264 1 |a Austin :  |b Steck Co.,  |c [1959] 
300 |a x, 321 pages :  |b illustrations 
336 |a text  |b txt  |2 rdacontent 
337 |a unmediated  |b n  |2 rdamedia 
338 |a volume  |b nc  |2 rdacarrier 
500 |a The Cushing Library/Chapman Texas Collection copy is part of the Floyd & Louise Chapman Texas & Borderlands Collection.  |5 TXA 
500 |a "1959 facsimile reproduction of the first edition." 
610 2 0 |a Texas Rangers. 
999 |a MARS 
999 f f |s 55e431b0-64d2-33b0-b414-856ffebf4e4a  |i dfd87867-186e-3183-bd8b-14356052ef9a  |t 0 
952 f f |p noncirc  |a Texas A&M University  |b College Station  |c Cushing Memorial Library & Archives  |d Cushing: Chapman Texas Collection (Does not check out)  |t 0  |e F391 .J541 1899a  |h Library of Congress classification  |i unmediated -- volume  |m A14800327734 
952 f f |p normal  |a Texas A&M University  |b College Station  |c Sterling C. Evans Library  |d Evans: Library Stacks  |t 0  |e F391 .J541 1899a  |h Library of Congress classification  |i unmediated -- volume  |m A14823475700 
998 f f |a F391 .J541 1899a  |t 0  |l Evans: Library Stacks 
998 f f |a F391 .J541 1899a  |t 0  |l Cushing: Chapman Texas Collection (Does not check out)